Spreadsheets : |b formatting & printing / (Record no. 3673)

000 -LEADER
fixed length control field nam a22 7a 4500
005 - DATE AND TIME OF LATEST TRANSACTION
control field 20170523150213.0
008 - FIXED-LENGTH DATA ELEMENTS--GENERAL INFORMATION
fixed length control field 170523b2000 enk||||| |||| 00| 0 eng d
020 ## - INTERNATIONAL STANDARD BOOK NUMBER
International Standard Book Number 0751309982
040 ## - CATALOGING SOURCE
Original cataloging agency AKMAL
082 ## - DEWEY DECIMAL CLASSIFICATION NUMBER
Classification number 686.22544 ETH
090 ## - LOCALLY ASSIGNED LC-TYPE CALL NUMBER (OCLC); LOCAL CALL NUMBER (RLIN)
Classification number (OCLC) (R) ; Classification number, CALL (RLIN) (NR) 686.22544
Local cutter number (OCLC) ; Book number/undivided call number, CALL (RLIN) ETH
100 10 - MAIN ENTRY--PERSONAL NAME
Personal name Etherington, Sue.
9 (RLIN) 6075
245 ## - TITLE STATEMENT
Title Spreadsheets : |b formatting & printing /
Statement of responsibility, etc. Sue Etherington
260 ## - PUBLICATION, DISTRIBUTION, ETC.
Place of publication, distribution, etc. London :
Name of publisher, distributor, etc. Dorling Kindersley,
Date of publication, distribution, etc. 2000
300 ## - PHYSICAL DESCRIPTION
Extent 72 p. :
Other physical details ol. ill. ;
Dimensions 18 cm
490 1# - SERIES STATEMENT
Series statement Essential computers
500 ## - GENERAL NOTE
General note Using Microsoft Excel 2000.
500 ## - GENERAL NOTE
General note Includes index.
630 04 - SUBJECT ADDED ENTRY--UNIFORM TITLE
Uniform title Microsoft Excel (Computer file)
9 (RLIN) 6088
650 #0 - SUBJECT ADDED ENTRY--TOPICAL TERM
Topical term or geographic name entry element Business
General subdivision Computer programs.
9 (RLIN) 7265
650 #0 - SUBJECT ADDED ENTRY--TOPICAL TERM
Topical term or geographic name entry element Electronic spreadsheets.
9 (RLIN) 6089
830 #0 - SERIES ADDED ENTRY--UNIFORM TITLE
Uniform title Essential computers
9 (RLIN) 789
942 ## - ADDED ENTRY ELEMENTS (KOHA)
Source of classification or shelving scheme
Koha item type Book
Holdings
Withdrawn status Lost status Source of classification or shelving scheme Damaged status Not for loan Collection code Home library Current library Shelving location Date acquired Inventory number Total Checkouts Full call number Barcode Date last seen Price effective from Koha item type
          NON-FICTION AKMAL Melaka AKMAL Melaka PINJAMAN 23.05.2017 602056   686.22544 ETH 201704724 23.05.2017 23.05.2017 Book
Pusat Sumber Maklumat Dato' Haji Sarmin Md Hussin, Akademi Kastam Diraja Malaysia, Melaka
Tel: 06-2331106 | Faks: 06-2313787